Virtual Insanity Lyrics - Statistics

General Stats
  • This quiz has been taken 40 times
  • The average score is 28 of 42
Answer Stats
Lyrics % Correct
(Let me {tell} ya)
90%
And I'm giving all my love to this {world}
86%
Oh yeah, what we're {living} in
86%
While we're livin' in oh, oh virtual insanity, oh, this {world}, has got to change
86%
I can't {see}
83%
When {things} are big that should be small
79%
Who can tell what magic {spells} we'll be doing for us
79%
Only to be {told}
76%
And now that things are changing for the {worse}, see
72%
I can't {breathe}
72%
It's a {wonder} that men can eat at all
72%
Cos' we can always {take} but never give
69%
I know yeah, of this virtual insanity, we're livin in, has got to {change}, yeah
69%
No more will we be, and nothing's going to {change} the way we live
69%
And I'm thinking what a {mess} we're in
66%
And now every {mother}, can choose the colour
66%
{Futures} made of virtual insanity - now
66%
Hard to know where to {begin}
66%
Is all we have to give these, {future's} made of virtual insanity now
66%
Things, will never be the {same}, and I can't go on
66%
Well that's what they said {yesterday}
66%
And I just can't see that half of us {immersed} in sin
62%
For useless, {twisting}, our new technology
62%
For useless, {twisting}, our new technology
62%
For useless, {twisting}, our new technology
62%
Now there is no {sound}, if we all live underground, and now it's virtual insanity
62%
Of her child that's not {nature}'s way
62%
Oh, now there is no sound - for we all live {underground}
62%
Oh, now there is no sound - for we all live {underground}
62%
Oh, now there is no sound - for we all live {underground}
62%
There's nothing left to do but {pray}
62%
Cos I just, I just can't keep going on, it was virtual, {virtual} {insanity} that we're livin' in, that we're livin' in
59%
Forget your virtual {reality}, oh, there's nothing so bad
59%
Futures made of {virtual} {insanity} - now always seem to, be govern'd by this love we have
59%
It's a {crazy} {world} we're living in
59%
That {virtual} {insanity} is what it is
59%
I think it's time I {found} a new religion
55%
There's {something} in these futures that we have to be told
55%
Waoh - it's so {insane}, to synthesize another strain
55%
Always seem to, be {govern'd} by this love we have
48%
Always seem to, be {governed} by this love we have
48%
If I could {slip} the sickly ties that earthly man has made
34%
No matching quizzes found
Score Distribution
Percent of People with Each Score
Percentile by Number Answered
Your Score History
You have not taken this quiz